00762nam a2200181 i 4500001000700000003000900007005001700016008004100033040003000074100002200104245022800126260002900354300002000383500007400403650004400477650002000521852003900541167897ES-MaACL20250809031218.0990104s1858 fr |||| | fre d aCCPB | B bspa cCCPB | B1 aWeiss, Siegfried.10aCode du droit maritime international b: tel qu'il existe chez les nations en temps de paix et en temps de guerre depuis les temps les plus reculés jusqu'á nos jours sélon l'École Historique / cpar Siegfried Weiss. aParis : bAmyot, c1858. a2 v. ; c21 cm. aOuvrage couronné par la Faculté de Droit de Fribourg (en Brisgau) 7aDerecho marítimo internacional2embne 4aCodificación. aES-MaACLjC-2650-51 z-- Enc. hol.